000 00670nam a2200205 a 4500
001 000045739
005 20240530073923.0
008 100115s2012 dr 000 f spa d
020 _a9789993467731
040 _aDO-SdBNP
_bspa
_cBNPHU
082 _aRD863.44
_bS211m
100 1 _aSánchez, Enriquillo,
_d1947-2004
_926468
245 1 0 _aMusiquito :
_banales de un déspota y de un bolerista /
_cEnriquillo Sánchez.
250 _a2a. ed.
260 _aSanto Domingo :
_bAmigo del hogar,
_c2012.
300 _a222 p. ;
_c21 cm.
500 _aIncluye datos biográficos del autor en la solapa.
650 0 _aNovela dominicana
_9223
650 0 _aLiteratura dominicana.
_967
999 _c45228
_d45228